[Event "NED-chT 1718"]
[Site "Netherlands"]
[Date "2017.12.16"]
[Round "5.8"]
[White "Kleijn, Christov"]
[Black "Vedder, Richard"]
[Result "1/2-1/2"]
[WhiteElo "2443"]
[BlackElo "2253"]
[PlyCount "138"]
[EventDate "2017.09.16"]
[EventType "team-tourn"]
[EventRounds "9"]
[EventCountry "NED"]
[SourceTitle "EXT 2019"]
[Source "ChessBase"]
[SourceDate "2018.10.10"]
[SourceVersion "1"]
[SourceVersionDate "2018.10.10"]
[SourceQuality "1"]
[WhiteTeam "Kennemer Combinatie"]
[BlackTeam "En Passant"]
[WhiteTeamCountry "NED"]
[BlackTeamCountry "NED"]

1. e4 e5 2. Nf3 Nc6 3. Bb5 a6 4. Ba4 Nf6 5. 0-0 Nxe4 6. d4 b5 7. Bb3 d5 8. dxe5 Be6 9. Nbd2 Bc5 10. Qe2 Nxd2 11. Bxd2 0-0 12. Qd3 Ne7 13. Nd4 Bb6 14. Bg5 Qd7 15. Bxe7 Qxe7 16. Nc6 Qc5 17. Qc3 d4 18. Qxc5 Bxc5 19. Bxe6 fxe6 20. b4 Bb6 21. a4 bxa4 22. Rxa4 Rf4 23. Kh1 Re4 24. b5 a5 25. c3 Rf8 26. f3 Re3 27. cxd4 Rb3 28. Nxa5 Ra8 29. Nxb3 Rxa4 30. Nc5 Bxc5 31. dxc5 Rb4 32. Rc1 Rxb5 33. f4 Kf7 34. g3 Kg6 35. Kg2 Kf5 36. Rd1 Rxc5 37. Rd7 Kg6 38. Re7 Rc6 39. g4 h5 40. gxh5+ Kh6 41. Kf3 Kh7 42. Kg4 Kg8 43. Kg5 Kf8 44. Rd7 Rc2 45. h3 Rg2+ 46. Kh4 c5 47. Rc7 Rc2 48. h6 gxh6 49. Rh7 c4 50. Rxh6 Kf7 51. Kh5 Rf2 52. Kg4 c3 53. Rh7+ Kf8 54. Rc7 c2 55. Kg5 Ke8 56. h4 Kd8 57. Rc5 Ke7 58. Kg4 Kf7 59. h5 Kg7 60. Kg3 Rd2 61. Rc6 Re2 62. h6+ Kh7 63. Kg4 Rg2+ 64. Kh5 Kg8 65. f5 exf5 66. e6 Re2 67. Kg6 c1Q 68. Rxc1 Rxe6+ 69. Kxf5 Rxh6 1/2-1/2

[Event "NED-chT 1617"]
[Site "Netherlands"]
[Date "2017.03.11"]
[Round "7.9"]
[White "Kleijn, Christov"]
[Black "Roobol, Martin"]
[Result "1-0"]
[WhiteElo "2435"]
[BlackElo "2264"]
[PlyCount "81"]
[EventDate "2016.09.17"]
[EventType "team-tourn"]
[EventRounds "9"]
[EventCountry "NED"]
[SourceTitle "EXT 2018"]
[Source "ChessBase"]
[SourceDate "2017.10.13"]
[SourceVersion "1"]
[SourceVersionDate "2017.10.13"]
[SourceQuality "1"]
[WhiteTeam "Kennemer Combinatie"]
[BlackTeam "Leiden LSG"]
[WhiteTeamCountry "NED"]
[BlackTeamCountry "NED"]

1. e4 g6 2. d4 Bg7 3. Nc3 d6 4. Be3 a6 5. h4 h6 6. a4 Nf6 7. f3 Nc6 8. Qd2 e5 9. d5 Ne7 10. Rd1 Nh5 11. g4 Ng3 12. Rh2 Nxf1 13. Kxf1 f5 14. gxf5 gxf5 15. Rg2 Kf7 16. f4 Ng6 17. h5 Nxf4 18. Bxf4 exf4 19. Nf3 fxe4 20. Nxe4 Bh3 21. Qxf4+ Bf6 22. Neg5+ hxg5 23. Nxg5+ Ke7 24. Re1+ Kd7 25. Nxh3 Kc8 26. Qf5+ Kb8 27. Nf4 Bxb2 28. Ng6 Re8 29. Re6 Ka7 30. Rge2 Qd7 31. Qf2+ b6 32. a5 Rxe6 33. axb6+ cxb6 34. dxe6 Qb7 35. Qf7 Rc8 36. Qxb7+ Kxb7 37. e7 Re8 38. h6 Kc6 39. h7 Kd7 40. c3 Bxc3 41. Nf8+ 1-0

[Event "PRO League Stage"]
[Site "Chess.com INT"]
[Date "2017.02.22"]
[Round "7"]
[White "Degraeve, Jean Marc"]
[Black "Kleijn, Christov"]
[Result "1-0"]
[WhiteElo "2591"]
[BlackElo "2437"]
[PlyCount "117"]
[EventDate "2017.01.11"]
[EventType "team-swiss (rapid)"]
[EventRounds "7"]
[EventCountry "USA"]
[SourceTitle "EXT 2018"]
[Source "ChessBase"]
[SourceDate "2017.10.13"]
[SourceVersion "1"]
[SourceVersionDate "2017.10.13"]
[SourceQuality "1"]
[WhiteTeam "Marseille Migraines"]
[BlackTeam "Amsterdam Mosquitos"]
[WhiteTeamCountry "FRA"]
[BlackTeamCountry "NED"]

1. e4 c5 2. Nf3 d6 3. Bb5+ Nc6 4. 0-0 Bd7 5. Re1 a6 6. Bf1 Bg4 7. c3 Nf6 8. d4 cxd4 9. cxd4 e5 10. d5 Nd4 11. Nbd2 Be7 12. h3 Bh5 13. g4 Nxf3+ 14. Qxf3 Bg6 15. a4 h5 16. g5 Nh7 17. h4 f6 18. gxf6 Nxf6 19. Qh3 Ng4 20. Re2 0-0 21. a5 Bxh4 22. f3 Nh6 23. Nc4 Bg5 24. Rg2 Bxc1 25. Rxg6 Bf4 26. Nxd6 Kh7 27. Qxh5 Rf6 28. Rxf6 Qxf6 29. Nc4 Rc8 30. b3 Rf8 31. d6 Kg8 32. Rd1 Rd8 33. d7 g6 34. Qh3 Nf7 35. Qg4 Kg7 36. Bh3 Rh8 37. Kf1 Bg5 38. Ke2 Rh4 39. Qg2 Qf4 40. Rh1 Bd8 41. Bg4 Rxh1 42. Qxh1 Ng5 43. Qg1 Nh7 44. Qc5 Nf6 45. Qxe5 Qc1 46. Qb2 Qg1 47. Qc3 Qg2+ 48. Kd3 Qf1+ 49. Kc2 Kh7 50. Be6 Nh5 51. Ne5 Qf2+ 52. Qd2 Qc5+ 53. Nc4 Qe7 54. Bg4 Nf6 55. Qh2+ Kg8 56. Qe5 Kf7 57. Nd6+ Kf8 58. Qxe7+ Kxe7 59. Nxb7 1-0

[Event "NED-chT 1617"]
[Site "Netherlands"]
[Date "2017.02.04"]
[Round "6.9"]
[White "Kleijn, Christov"]
[Black "Schoorl, Rob"]
[Result "1-0"]
[WhiteElo "2435"]
[BlackElo "2315"]
[PlyCount "43"]
[EventDate "2016.09.17"]
[EventType "team-tourn"]
[EventRounds "9"]
[EventCountry "NED"]
[SourceTitle "EXT 2018"]
[Source "ChessBase"]
[SourceDate "2017.10.13"]
[SourceVersion "1"]
[SourceVersionDate "2017.10.13"]
[SourceQuality "1"]
[WhiteTeam "Kennemer Combinatie"]
[BlackTeam "Calder HMC"]
[WhiteTeamCountry "NED"]
[BlackTeamCountry "NED"]

1. e4 g6 2. d4 Bg7 3. Nc3 d6 4. Be3 a6 5. Qd2 Nd7 6. h4 h5 7. Nh3 Ngf6 8. f3 e6 9. Ng5 Qe7 10. 0-0-0 b5 11. e5 Ng8 12. g4 dxe5 13. d5 Nb6 14. d6 cxd6 15. Bxb6 d5 16. Nxd5 exd5 17. Qxd5 Bb7 18. Bxb5+ Kf8 19. Bc6 Nf6 20. Qc4 Kg8 21. Bc5 Qc7 22. Bd6 1-0

[Event "PRO League Central"]
[Site "Chess.com INT"]
[Date "2017.01.11"]
[Round "1"]
[White "Kleijn, Christov"]
[Black "Agrest, Evgenij"]
[Result "1/2-1/2"]
[WhiteElo "2437"]
[BlackElo "2593"]
[PlyCount "215"]
[EventDate "2017.01.11"]
[EventType "team-swiss (rapid)"]
[EventRounds "7"]
[EventCountry "USA"]
[SourceTitle "CBM 176 Extra"]
[Source "ChessBase"]
[SourceDate "2017.03.02"]
[SourceVersion "1"]
[SourceVersionDate "2017.03.02"]
[SourceQuality "1"]
[WhiteTeam "Amsterdam Mosquitos"]
[BlackTeam "Stockholm Snowballs"]
[WhiteTeamCountry "NED"]
[BlackTeamCountry "SWA"]

1. e4 c6 2. d4 d5 3. Nc3 dxe4 4. Nxe4 Bf5 5. Ng3 Bg6 6. h4 h6 7. Nf3 Nd7 8. Bd3 Bxd3 9. Qxd3 e6 10. Bd2 Ngf6 11. 0-0-0 Be7 12. Kb1 Qb6 13. Ne4 0-0-0 14. Nxf6 Bxf6 15. Be3 Kb8 16. Qa3 Ka8 17. Ne5 Bxe5 18. dxe5 c5 19. Rd6 Qc7 20. f4 b6 21. Rhd1 Nb8 22. Bxc5 Rxd6 23. Bxd6 Qc6 24. Bxb8 Kxb8 25. Qe7 Rc8 26. Rc1 Qc7 27. Qxc7+ Rxc7 28. Rd1 Rc4 29. g3 Re4 30. Kc1 Re3 31. Rd3 Re1+ 32. Kd2 Rg1 33. Rd8+ Kc7 34. Rf8 Rxg3 35. Rxf7+ Kc6 36. h5 a5 37. c4 Kc5 38. Rc7+ Kd4 39. Rc6 Rg2+ 40. Kc1 Kd3 41. Rd6+ Kxc4 42. Rxe6 b5 43. Rc6+ Kd3 44. Rd6+ Ke4 45. e6 Kf5 46. Rd5+ Kxe6 47. Rxb5 a4 48. Ra5 Rh2 49. Rxa4 Rxh5 50. Re4+ Kd6 51. a4 Rh1+ 52. Kd2 h5 53. Re5 h4 54. Rh5 h3 55. a5 h2 56. Kc2 g6 57. Rh6 Kc5 58. a6 Kd4 59. a7 Ra1 60. Rxh2 Rxa7 61. Rh8 Rf7 62. Rh4 Rf5 63. Rg4 Kc4 64. b3+ Kd4 65. Kb2 Ke4 66. Rxg6 Rxf4 67. Rd6 Ke5 68. Rd2 Rf8 69. Rd3 Ke4 70. Rd7 Ke5 71. Ka3 Ra8+ 72. Kb4 Rb8+ 73. Kc4 Rc8+ 74. Kb4 Rb8+ 75. Kc4 Rc8+ 76. Kd3 Rb8 77. Kc3 Rc8+ 78. Kb2 Rb8 79. Rd1 Ke6 80. Rd4 Ke5 81. Rd3 Ke6 82. Ka3 Ra8+ 83. Kb4 Rb8+ 84. Ka5 Ra8+ 85. Kb5 Rb8+ 86. Kc6 Ke5 87. Rd5+ Ke6 88. Rb5 Rc8+ 89. Kb7 Rc3 90. b4 Rb3 91. Kc6 Rb1 92. Rb8 Rc1+ 93. Kb6 Kd7 94. b5 Rb1 95. Rh8 Rb2 96. Rh7+ Kc8 97. Rh8+ Kd7 98. Ka6 Kc7 99. Rh7+ Kb8 100. Kb6 Kc8 101. Rh8+ Kd7 102. Rh3 Kc8 103. Rc3+ Kb8 104. Rc6 Rh2 105. Rg6 Rh8 106. Rc6 Rf8 107. Rd6 Rg8 108. Rc6 1/2-1/2

[Event "NED-chT 1617"]
[Site "Netherlands"]
[Date "2016.09.17"]
[Round "1.2"]
[White "Kleijn, Christov"]
[Black "Warmerdam, Max"]
[Result "1/2-1/2"]
[WhiteElo "2435"]
[BlackElo "2383"]
[PlyCount "91"]
[EventDate "2016.09.17"]
[EventType "team-tourn"]
[EventRounds "9"]
[EventCountry "NED"]
[SourceTitle "CBM 174 Extra"]
[Source "ChessBase"]
[SourceDate "2016.10.10"]
[SourceVersion "1"]
[SourceVersionDate "2016.10.10"]
[SourceQuality "1"]
[WhiteTeam "Kennemer Combinatie"]
[BlackTeam "Apeldoorn"]
[WhiteTeamCountry "NED"]
[BlackTeamCountry "NED"]

1. e4 c5 2. Nf3 d6 3. d4 cxd4 4. Nxd4 Nf6 5. Nc3 a6 6. f4 e5 7. Nf3 Nbd7 8. a4 Be7 9. Bd3 0-0 10. 0-0 Qc7 11. Qe1 Nc5 12. Kh1 Be6 13. Ng5 Nxd3 14. cxd3 Rad8 15. Be3 Ng4 16. f5 Nxe3 17. Qxe3 Bxg5 18. Qxg5 f6 19. Qg4 Bb3 20. Qg3 Qb6 21. a5 Qb4 22. Rfc1 Rc8 23. h3 Rc5 24. Qf2 Rfc8 25. Kh2 h6 26. Qe3 R8c6 27. Rf1 d5 28. exd5 Bxd5 29. Ra4 Qxb2 30. Nxd5 Rxd5 31. Rg4 Kh8 32. Rg6 Qd4 33. Qg3 Rd7 34. Rg4 Qxd3 35. Rxg7 Qxg3+ 36. Rxg3 Rg7 37. Rb1 Rf7 38. Rg6 Kh7 39. Rb4 Rc2 40. Rh4 Rg7 41. Rhxh6+ Kg8 42. Rxg7+ Kxg7 43. Rg6+ Kf7 44. Rh6 Kg7 45. Rg6+ Kf7 46. Rh6 1/2-1/2

[Event "BEL-chT 1516"]
[Site "Belgium"]
[Date "2016.02.21"]
[Round "7.5"]
[White "Hommerson, Paul"]
[Black "Kleijn, Christov"]
[Result "0-1"]
[WhiteElo "2249"]
[BlackElo "2419"]
[PlyCount "110"]
[EventDate "2015.09.27"]
[EventType "team-tourn"]
[EventRounds "11"]
[EventCountry "BEL"]
[SourceTitle "CBM 170 Extra"]
[Source "ChessBase"]
[SourceDate "2016.02.25"]
[SourceVersion "1"]
[SourceVersionDate "2016.02.25"]
[SourceQuality "1"]
[WhiteTeam "Borgerhout"]
[BlackTeam "Amay"]
[WhiteTeamCountry "BEL"]
[BlackTeamCountry "BEL"]

1. e4 c5 2. Nf3 d6 3. d4 cxd4 4. Nxd4 Nf6 5. Nc3 a6 6. Be3 e5 7. Nb3 Be7 8. f3 Be6 9. Qd2 0-0 10. 0-0-0 a5 11. Bb5 Nbd7 12. Qf2 Rc8 13. Qe1 Nb6 14. Nxa5 Ra8 15. Qf2 Nfd7 16. Nb3 Nc4 17. Bxc4 Bxc4 18. Kb1 Qc8 19. Nd5 Bd8 20. Qd2 b5 21. Nc1 Nf6 22. Nxf6+ Bxf6 23. b3 Be6 24. Bg5 Bxg5 25. Qxg5 Qc5 26. Rd3 Rfc8 27. Qd2 Ra6 28. Rd1 b4 29. Rxd6 Rxd6 30. Qxd6 Qxc2+ 31. Ka1 h5 32. h4 Bxb3 33. Nxb3 Ra8 34. Qd8+ Rxd8 35. Rxd8+ Kh7 36. Rd2 Qc3+ 37. Kb1 Qe3 38. Kc2 Qe1 39. Kd3 Qxh4 40. Kc4 g5 41. Kxb4 g4 42. fxg4 Qxg4 43. Nc5 f5 44. Rd7+ Kh6 45. Rd6+ Kg5 46. Rd5 Qxg2 47. a4 Qb2+ 48. Kc4 fxe4 49. Nxe4+ Kf5 50. Rd2 Qb6 51. Nc5 h4 52. Rf2+ Kg4 53. Re2 Qf6 54. a5 Qf1 55. Kd3 Kf3 0-1

[Event "NED-chT 1516"]
[Site "Netherlands"]
[Date "2015.10.10"]
[Round "2.7"]
[White "Bosch, Jeroen"]
[Black "Kleijn, Christov"]
[Result "0-1"]
[WhiteElo "2377"]
[BlackElo "2419"]
[PlyCount "94"]
[EventDate "2015.09.26"]
[EventType "team-tourn"]
[EventRounds "9"]
[EventCountry "NED"]
[SourceTitle "CBM 168 Extra"]
[Source "ChessBase"]
[SourceDate "2015.10.29"]
[SourceVersion "1"]
[SourceVersionDate "2015.10.29"]
[SourceQuality "1"]
[WhiteTeam "Calder HMC"]
[BlackTeam "Groningen Combinatie"]
[WhiteTeamCountry "NED"]
[BlackTeamCountry "NED"]

1. Nf3 d5 2. e3 Nf6 3. c4 c6 4. Nc3 e6 5. b3 Nbd7 6. Bb2 Bd6 7. Qc2 0-0 8. Be2 a6 9. d4 b5 10. 0-0 Rb8 11. Rad1 bxc4 12. bxc4 a5 13. c5 Bc7 14. Ba1 Qe7 15. e4 dxe4 16. Nxe4 Nd5 17. a3 f5 18. Ned2 g5 19. Nc4 g4 20. Nfe5 Qh4 21. g3 Qh3 22. f3 f4 23. Rf2 Nxe5 24. dxe5 Ba6 25. Bf1 Qh6 26. Qe4 Rb3 27. Bd4 Kh8 28. Nd6 Ne3 29. Bxa6 Nxd1 30. Rf1 fxg3 31. hxg3 Rbxf3 32. Qxg4 Rxf1+ 33. Bxf1 Ne3 34. Qh3 Rxf1+ 35. Qxf1 Nxf1 36. Nf7+ Kg7 37. Nxh6 Nd2 38. Kg2 Kxh6 39. Be3+ Kg6 40. Bxd2 a4 41. g4 Bxe5 42. Kf3 Bb2 43. Bb4 Kf6 44. Kf4 e5+ 45. Ke4 Kg5 46. Kf3 e4+ 47. Kxe4 Kxg4 0-1

[Event "NED-chT 1516"]
[Site "Netherlands"]
[Date "2015.09.26"]
[Round "1.4"]
[White "Nieuwenhuis, Pieter"]
[Black "Kleijn, Christov"]
[Result "0-1"]
[WhiteElo "2243"]
[BlackElo "2419"]
[PlyCount "94"]
[EventDate "2015.09.26"]
[EventType "team-tourn"]
[EventRounds "9"]
[EventCountry "NED"]
[SourceTitle "EXT 2016"]
[Source "ChessBase"]
[SourceDate "2015.10.08"]
[SourceVersion "1"]
[SourceVersionDate "2015.10.08"]
[SourceQuality "1"]
[WhiteTeam "Utrecht"]
[BlackTeam "Groningen Combinatie"]
[WhiteTeamCountry "NED"]
[BlackTeamCountry "NED"]

1. e4 c5 2. Nf3 d6 3. d4 cxd4 4. Nxd4 Nf6 5. Nc3 a6 6. Bg5 Nbd7 7. f4 Qc7 8. Qf3 h6 9. Bh4 g5 10. fxg5 hxg5 11. Bxg5 Qc5 12. Qe3 Rg8 13. Nf3 Qa5 14. Qd2 e6 15. 0-0-0 b5 16. Qf4 b4 17. Bxf6 Rg6 18. Nd5 exd5 19. Bg5 Qxa2 20. exd5 Bg7 21. Re1+ Kf8 22. Bd3 Qxb2+ 23. Kd1 Ne5 24. Bxg6 Nxg6 25. Qxd6+ Kg8 26. Re8+ Nf8 27. Bc1 Qb1 28. Qc6 b3 29. cxb3 Qxb3+ 30. Ke1 Bb7 31. Re3 Qb1 32. Nd2 Qb4 33. Qc4 Qxc4 34. Nxc4 Rc8 35. Bd2 Rxc4 36. Rd3 Nd7 37. d6 Be5 38. Rf1 Nc5 39. Re3 Be4 40. Kd1 Bxd6 41. Rf6 Bc2+ 42. Ke2 Ne4 43. Rff3 Rd4 44. Bc3 Bd1+ 45. Ke1 Nxc3 46. Re8+ Kg7 47. Rxc3 Bb4 0-1

[Event "BEL-chT 1415"]
[Site "Belgium"]
[Date "2015.01.11"]
[Round "6.5"]
[White "Kleijn, Christov"]
[Black "Kegels, Pascal"]
[Result "1-0"]
[WhiteElo "2406"]
[BlackElo "2131"]
[PlyCount "63"]
[EventDate "2014.09.28"]
[EventType "team-swiss"]
[EventRounds "11"]
[EventCountry "BEL"]
[SourceTitle "EXT 2016"]
[Source "ChessBase"]
[SourceDate "2015.10.08"]
[SourceVersion "1"]
[SourceVersionDate "2015.10.08"]
[SourceQuality "1"]
[WhiteTeam "Amay"]
[BlackTeam "Temse"]
[WhiteTeamCountry "BEL"]
[BlackTeamCountry "BEL"]

1. e4 d6 2. d4 Nf6 3. Nc3 g6 4. Be3 a6 5. Be2 Bg7 6. f4 e6 7. Bf3 d5 8. e5 Nfd7 9. Nge2 Qe7 10. 0-0 c5 11. dxc5 Nxc5 12. Bxd5 0-0 13. Bf3 Nc6 14. Qe1 f6 15. Qf2 Nd7 16. exf6 Bxf6 17. Rad1 Qg7 18. Bg4 Re8 19. Nd4 Ndb8 20. Ne4 Bxd4 21. Bxd4 Nxd4 22. Qxd4 Nc6 23. Qb6 h6 24. c3 Qe7 25. Rd3 Rf8 26. Nd6 Bd7 27. Nxb7 Rfb8 28. Bf3 Rxb7 29. Qxb7 Qc5+ 30. Kh1 Ra7 31. Qb3 Na5 32. Qb8+ 1-0

[Event "EU-Cup 29th"]
[Site "Rhodes"]
[Date "2013.10.25"]
[Round "6.6"]
[White "De Graaf, Dick"]
[Black "Kleijn, Christov"]
[Result "0-1"]
[WhiteElo "2199"]
[BlackElo "2423"]
[PlyCount "66"]
[EventDate "2013.10.20"]
[EventType "team-swiss"]
[EventRounds "7"]
[EventCountry "GRE"]
[SourceTitle "CBM 157"]
[Source "ChessBase"]
[SourceDate "2013.11.12"]
[SourceVersion "1"]
[SourceVersionDate "2013.11.12"]
[SourceQuality "1"]
[WhiteTeam "En Passant"]
[BlackTeam "Amay"]
[WhiteTeamCountry "NED"]
[BlackTeamCountry "NED"]

1. e4 c5 2. Nf3 d6 3. d4 cxd4 4. Nxd4 Nf6 5. Nc3 a6 6. Be3 e5 7. Nb3 Be6 8. h3 h5 9. Qf3 Nbd7 10. Rg1 h4 11. 0-0-0 Rc8 12. Nd5 Bxd5 13. exd5 Nb6 14. Kb1 e4 15. Qe2 Rh5 16. g4 hxg3 17. fxg3 Rxd5 18. Bd4 Be7 19. Bg2 Rxd4 20. Nxd4 d5 21. g4 g6 22. h4 Na4 23. Nb3 Qc7 24. Rd4 Nxb2 25. Kxb2 Qc3+ 26. Kc1 Nxg4 27. Qd2 Ba3+ 28. Kd1 Qg3 29. Qg5 Qf2 30. Qxg4 Qxg1+ 31. Ke2 Rxc2+ 32. Rd2 Rc3 33. Qg5 Be7 0-1

[Event "BEL-chT 1314"]
[Site "Belgium"]
[Date "2013.09.29"]
[Round "2.4"]
[White "Kleijn, Christov"]
[Black "Beeckmans, Felix"]
[Result "0-1"]
[WhiteElo "2425"]
[BlackElo "2295"]
[PlyCount "84"]
[EventDate "2013.09.22"]
[EventType "team-tourn"]
[EventRounds "11"]
[EventCountry "BEL"]
[SourceTitle "CBM 156 Extra"]
[Source "ChessBase"]
[SourceDate "2013.10.22"]
[SourceVersion "1"]
[SourceVersionDate "2013.10.22"]
[SourceQuality "1"]
[WhiteTeam "Amay"]
[BlackTeam "Anderlecht"]
[WhiteTeamCountry "BEL"]
[BlackTeamCountry "BEL"]

1. e4 c5 2. Nf3 g6 3. d4 Bg7 4. c3 cxd4 5. cxd4 d5 6. e5 Bg4 7. Be2 Nc6 8. Nc3 Nh6 9. Qb3 Bxf3 10. Bxf3 e6 11. Qxb7 Nxd4 12. Bg5 Rb8 13. Qxa7 Ra8 14. Qxd4 Qxg5 15. 0-0 0-0 16. Rfe1 Rfb8 17. Rad1 Nf5 18. Qd2 Qxd2 19. Rxd2 d4 20. Bxa8 dxc3 21. bxc3 Rxa8 22. Red1 Bf8 23. Kf1 Rc8 24. Rd8 Rxc3 25. Re8 Kg7 26. g4 Nh4 27. Rdd8 Rc1+ 28. Ke2 Rc2+ 29. Kd3 Rxa2 30. Rxf8 g5 31. Rg8+ Kh6 32. f4 gxf4 33. g5+ Kh5 34. Rg7 Ng6 35. Rxh7+ Kxg5 36. h4+ Kg4 37. h5 Nxe5+ 38. Kc3 f3 39. Rg7+ Kf4 40. h6 Rh2 41. h7 f2 42. Rg2 Rh3+ 0-1

[Event "NED-chT 1213"]
[Site "Netherlands"]
[Date "2013.02.16"]
[Round "6.4"]
[White "Bosch, Jeroen"]
[Black "Kleijn, Christov"]
[Result "1/2-1/2"]
[WhiteElo "2378"]
[BlackElo "2418"]
[PlyCount "62"]
[EventDate "2012.09.15"]
[EventType "team-tourn"]
[EventRounds "9"]
[EventCountry "NED"]
[SourceTitle "EXT 2014"]
[Source "ChessBase"]
[SourceDate "2013.11.20"]
[SourceVersion "1"]
[SourceVersionDate "2013.11.20"]
[SourceQuality "1"]
[WhiteTeam "Calder HMC"]
[BlackTeam "Kennemer Combinatie"]
[WhiteTeamCountry "NED"]
[BlackTeamCountry "NED"]

1. e4 c5 2. Nc3 d6 3. Nge2 Nf6 4. g3 Nc6 5. Bg2 g6 6. 0-0 Bg7 7. h3 Rb8 8. a4 a6 9. Nd5 0-0 10. c3 e6 11. Nxf6+ Qxf6 12. d3 d5 13. exd5 exd5 14. Nf4 d4 15. Nd5 Qd6 16. c4 Bd7 17. Bf4 Be5 18. Bh6 Rfe8 19. Re1 Bg7 20. Bf4 Rxe1+ 21. Qxe1 Be5 22. Bd2 Re8 23. Qf1 Ne7 24. Nxe7+ Rxe7 25. a5 b5 26. axb6 Qxb6 27. Ba5 Qxb2 28. Rb1 Qa3 29. Ra1 Qb2 30. Rb1 Qa3 31. Ra1 Qb2 1/2-1/2

[Event "Roosendaal LBV op-A"]
[Site "Roosendaal"]
[Date "2012.08.18"]
[Round "5"]
[White "Kleijn, Christov"]
[Black "Haast, Mark"]
[Result "1-0"]
[WhiteElo "2418"]
[BlackElo "2278"]
[PlyCount "89"]
[EventDate "2012.08.16"]
[EventType "swiss"]
[EventRounds "6"]
[EventCountry "NED"]
[SourceTitle "CBM 150 Extra"]
[Source "ChessBase"]
[SourceDate "2012.10.19"]
[SourceVersion "1"]
[SourceVersionDate "2012.10.19"]
[SourceQuality "1"]

1. e4 g6 2. d4 Bg7 3. Nc3 d5 4. Nf3 dxe4 5. Nxe4 Nd7 6. Bc4 Nb6 7. Bb3 Nf6 8. Nxf6+ exf6 9. Qe2+ Qe7 10. Qxe7+ Kxe7 11. Bf4 c6 12. 0-0-0 Be6 13. Rhe1 Kd7 14. Nd2 Bxb3 15. Nxb3 Rae8 16. Nc5+ Kc8 17. Ne4 Kd7 18. Nd6 Rxe1 19. Rxe1 Nd5 20. Bg3 b5 21. Nxf7 Rf8 22. Nd6 f5 23. Be5 Bxe5 24. dxe5 Nf4 25. g3 Ne6 26. Kd2 a6 27. f4 c5 28. c3 Kc6 29. Ke3 c4 30. h3 Nc5 31. Re2 h6 32. Kf3 a5 33. g4 Nd3 34. gxf5 gxf5 35. a4 bxa4 36. Nxc4 Kc5 37. Ne3 Rb8 38. Nd1 Rg8 39. Rd2 Ne1+ 40. Kf2 Ng2 41. Rd4 Nh4 42. Ne3 Rb8 43. Rxa4 Rxb2+ 44. Kg3 Kb5 45. Rxa5+ 1-0

[Event "Roosendaal LBV op-A"]
[Site "Roosendaal"]
[Date "2012.08.16"]
[Round "1"]
[White "Kleijn, Christov"]
[Black "Losekoot, Pascal"]
[Result "1-0"]
[WhiteElo "2418"]
[BlackElo "2089"]
[PlyCount "59"]
[EventDate "2012.08.16"]
[EventType "swiss"]
[EventRounds "6"]
[EventCountry "NED"]
[SourceTitle "CBM 150 Extra"]
[Source "ChessBase"]
[SourceDate "2012.10.19"]
[SourceVersion "1"]
[SourceVersionDate "2012.10.19"]
[SourceQuality "1"]

1. e4 c5 2. Nf3 e6 3. d4 cxd4 4. Nxd4 Nc6 5. Nc3 Qc7 6. Be3 a6 7. Be2 Nf6 8. 0-0 Be7 9. f4 d6 10. Kh1 0-0 11. a4 Nd7 12. Qe1 Re8 13. f5 Bf6 14. Rd1 Nxd4 15. Bxd4 Bxd4 16. Rxd4 Ne5 17. Qg3 Kh8 18. Qf4 Qb6 19. Qd2 Rd8 20. f6 gxf6 21. Rxf6 Bd7 22. Rxd6 Bc6 23. Rxd8+ Rxd8 24. Qg5 Qd4 25. Rf1 Rd7 26. h4 Bxe4 27. Rd1 Qxd1+ 28. Bxd1 Nc6 29. Nxe4 Rxd1+ 30. Kh2 1-0

[Event "Bundesliga 1112"]
[Site "Germany"]
[Date "2011.11.20"]
[Round "5.8"]
[White "Kleijn, Christov"]
[Black "Wegener, Olaf"]
[Result "1/2-1/2"]
[WhiteElo "2429"]
[BlackElo "2423"]
[PlyCount "77"]
[EventDate "2011.10.14"]
[EventType "team-tourn"]
[EventRounds "15"]
[EventCountry "GER"]
[SourceTitle "CBM 146"]
[Source "ChessBase"]
[SourceDate "2012.01.18"]
[SourceVersion "1"]
[SourceVersionDate "2012.01.18"]
[SourceQuality "1"]
[WhiteTeam "Emsdetten Turm"]
[BlackTeam "Dortmund Hansa"]
[WhiteTeamCountry "GER"]
[BlackTeamCountry "GER"]

1. e4 c5 2. Nf3 d6 3. d4 cxd4 4. Nxd4 Nf6 5. Nc3 a6 6. Bg5 e6 7. f4 Qb6 8. Qd2 Qxb2 9. Rb1 Qa3 10. f5 Nc6 11. fxe6 fxe6 12. Nxc6 bxc6 13. Be2 Be7 14. 0-0 0-0 15. Kh1 d5 16. Rf3 dxe4 17. Rh3 e5 18. Rg3 Kh8 19. Bh6 gxh6 20. Qxh6 Rg8 21. Rxg8+ Nxg8 22. Qxc6 Be6 23. Qxa8 Qxc3 24. Qxe4 Bxa2 25. Rf1 Qd4 26. Qxd4 exd4 27. Bxa6 Kg7 28. Ra1 Bf7 29. Ra4 Bf6 30. Bc4 Ne7 31. Bxf7 Kxf7 32. Kg1 Nd5 33. Kf2 Ke6 34. Kf3 Ke5 35. Ra5 Bg5 36. Ra8 Ne3 37. Ra5+ Nd5 38. Ra8 Ne3 39. Ra5+ 1/2-1/2

[Event "Oberliga NRW 1112"]
[Site "Germany"]
[Date "2011.09.18"]
[Round "1.2"]
[White "Kleijn, Christov"]
[Black "Tereick, Benjamin"]
[Result "1/2-1/2"]
[WhiteElo "2430"]
[BlackElo "2359"]
[PlyCount "44"]
[EventDate "2011.09.18"]
[EventType "team-tourn"]
[EventRounds "9"]
[EventCountry "GER"]
[SourceTitle "EXT 2015"]
[Source "ChessBase"]
[SourceDate "2014.11.20"]
[SourceVersion "1"]
[SourceVersionDate "2014.11.20"]
[SourceQuality "1"]
[WhiteTeam "Emsdetten Turm II"]
[BlackTeam "Wattenscheid II"]
[WhiteTeamCountry "GER"]
[BlackTeamCountry "GER"]

1. e4 e6 2. d4 d5 3. Nc3 Nf6 4. Bg5 Bb4 5. e5 h6 6. Bd2 Bxc3 7. bxc3 Ne4 8. Qg4 g6 9. Qf4 c5 10. Bd3 Nxd2 11. Qxd2 Qa5 12. Nf3 Nd7 13. 0-0 c4 14. Be2 Nb6 15. h4 Na4 16. Nh2 h5 17. Nf3 Nxc3 18. Ng5 Qa3 19. Bf3 b5 20. Rfe1 Rb8 21. Qf4 Qe7 22. Re3 b4 1/2-1/2

[Event "NED-ch internet"]
[Site "Playchess.com INT"]
[Date "2011.06.18"]
[Round "3.2"]
[White "Kleijn, Christov"]
[Black "Van Wely, Loek"]
[Result "1/2-1/2"]
[WhiteElo "2429"]
[BlackElo "2675"]
[PlyCount "103"]
[EventDate "2011.06.18"]
[EventType "k.o. (blitz)"]
[EventRounds "4"]
[EventCountry "GER"]
[SourceTitle "CBM 142 Extra"]
[Source "ChessBase"]
[SourceDate "2011.06.27"]
[SourceVersion "1"]
[SourceVersionDate "2011.06.27"]
[SourceQuality "1"]

1. e4 c5 2. Nf3 d6 3. Nc3 Nf6 4. e5 dxe5 5. Nxe5 Nbd7 6. Nc4 g6 7. Qe2 Bg7 8. Nd6+ Kf8 9. Nxc8 Rxc8 10. g3 Qc7 11. Bg2 a6 12. d3 h5 13. h4 Bh6 14. 0-0 Bxc1 15. Raxc1 e6 16. Ne4 Kg7 17. Ng5 Rhe8 18. c3 b5 19. Rfe1 Qb6 20. Bh3 a5 21. Kh2 b4 22. c4 Qd6 23. f4 Rcd8 24. Rcd1 Nb8 25. Bg2 Nc6 26. Bxc6 Ng4+ 27. Kg1 Qxc6 28. Nf3 Qb6 29. Ne5 Nh6 30. Qf2 Nf5 31. Kh2 Qd6 32. Nf3 Qe7 33. Kg2 Qd6 34. Re5 Rc8 35. d4 Red8 36. d5 Qa6 37. b3 exd5 38. Rexd5 Re8 39. Ne5 Qb7 40. Kg1 Re7 41. R1d3 Qb6 42. Rd7 Rc7 43. Rd8 Qe6 44. Ra8 f6 45. Nf3 Qe4 46. Rdd8 Qb1+ 47. Kh2 Ne3 48. Rg8+ Kh7 49. Rh8+ Kg7 50. Rhg8+ Kh7 51. Rh8+ Kg7 52. Rhg8+ 1/2-1/2